Zápis sprevádzaný veľkým očakávaním

Bibliographic Details
Main Author: Vitková, Renáta (Author)
Format: Article
Language:Slovak
PhysicalDescription:Fotogr.
ISSN:0139-5769
Subjects:

MARC

LEADER 00000nab a2200000 a 4500
001 vtls008963851
003 SK-MaSNL
005 20260303070758.0
008 140302c2007 xo br|p|||||||000 b|slo
015 |a SNBRB2007/04  |2 snkbucl 
038 |a SNKBUCL 
040 |a SNKBUCL  |b slo  |c SNKBUCL  |e AACR2 
041 |a slo 
044 |a xo  |c SK 
080 |a 371.212.1  |2 2001 
100 1 |a Vitková, Renáta  |4 aut  |9 1039071 
245 1 0 |a Zápis sprevádzaný veľkým očakávaním  |c Renáta Vitková 
300 |b Fotogr. 
650 0 7 |a povinná školská dochádzka  |2 snkbucl  |9 28792 
650 0 7 |a zápis  |2 snkbucl  |9 886882 
773 0 |t Učiteľské noviny  |g Roč. 55, č. prezentačné číslo (2007), s. [1]  |x 0139-5769 
852 |a SNK  |b KIS3GCP 
999 |c 1756894  |d 1758824